000 00508nam a2200193Ia 4500
005 20230325093300.0
008 131103s9999 xx 000 0 und d
020 _a39417266 3
040 _aLoreto College
041 _aEnglish
082 _a822.91
_bBEC-COH
245 _aCasebook on waiting for godot
_cedited by Ruby Cohn
260 _aNew York
_bGrove Press
_c1967
300 _a192 p.
504 _aIncludes bibliographical references
700 _aCohn,Ruby,ed.
850 _aLCLIB
942 _cBK
999 _c4278
_d54757